000
00220nam a2200085Ia 4500
008
220204s9999 xx 000 0 und d
082
_a
BSI
_b
BSI
245
0
_a
BSI Standards. Methods of testing vulcanized rubber
942
_c
BK
999
_c
22137
_d
22137